Estadísticas para ¿Qué ciudad en España?

Haz click aquí para intentar la prueba.

Estadísticas generales

  • Esta prueba ha sido intentada 732 veces
  • La puntuación promedio es 17 de 20

Estadísticas de respuestas

descripciónciudad% Correcto
La ciudad más grande de CataluñaBarcelona
100%
Ciudad capitalMadrid
100%
Capital de AndalucíaSevilla
99%
Paella proviene de esta ciudad en la costa esteValencia
99%
El museo Guggenheim se encuentra en esta ciudad vascaBilbao
98%
Última ciudad musulmana en España. Hogar del palacio de la AlhambraGranada
96%
Donde la gente puede correr con los torosPamplona
95%
Capital de Galicia. Los peregrinos visitan para ver el santuario de SantiagoSantiago de
Compostela
95%
Popular ciudad / isla de vacaciones en las Islas BalearesIbiza
93%
La ciudad más grande más al sur de Europa. Lugar de nacimiento de PicassoMálaga
92%
Exclave autónoma en la costa marroquíCeuta
91%
Exclave autónoma en la costa marroquíMelilla
90%
Capital de AsturiasOviedo
89%
Capital de la isla de Gran CanariaLas Palmas
87%
Antigua capital del califato de Al-Andalus, fue una de las ciudades más grandes del mundo en 1000 ADCórdoba
86%
Ubicación de la Torre de Hércules, un faro construido en el siglo IIA Coruña
73%
Famoso por las armas blancas. Nombre de una ciudad en OhioToledo
63%
Capital y homónimo de un antiguo reino en el noroeste de EspañaLeón
60%
Ciudad andaluza conocida por su vino dulce y vinagreJerez de la
Frontera
58%
Donde Portugal y España dividieron el mundo en 1529Zaragoza
34%

Distribución de puntuación

Porcentaje por número respondido

Porcentaje de gente con cada puntuación

Historial de tus puntuaciones

No has intentado esta prueba.